الربيع العربي .. إلى أين ؟ : أفق جديد للتغيير الديمقراطي (Record no. 25479)
[ view plain ]
| 000 -LEADER | |
|---|---|
| fixed length control field | 01130nam a2200241Ii 4500 |
| 003 - CONTROL NUMBER IDENTIFIER | |
| control field | JO-AjNU |
| 008 - FIXED-LENGTH DATA ELEMENTS--GENERAL INFORMATION | |
| fixed length control field | 230605s9999||||xx |||||||||||||| ||und|| |
| 017 ## - COPYRIGHT OR LEGAL DEPOSIT NUMBER | |
| Copyright or legal deposit number | 2012/6/2050 |
| 020 ## - INTERNATIONAL STANDARD BOOK NUMBER | |
| International Standard Book Number | 978-9957-455-55-2 |
| 040 ## - CATALOGING SOURCE | |
| Original cataloging agency | JO-AjNU |
| Language of cataloging | ara |
| Description conventions | rda |
| Transcribing agency | JO-AjNU |
| 041 ## - LANGUAGE CODE | |
| Language code of text/sound track or separate title | ara |
| 050 14 - LIBRARY OF CONGRESS CALL NUMBER | |
| Classification number | JQ1850.A91.R32.2012 |
| 100 3# - MAIN ENTRY--PERSONAL NAME | |
| Personal name | المديني ، توفيق وآخرون ، تحرير بلقزيز ،عبدالإله, |
| Relator term | author |
| 9 (RLIN) | 49828 |
| 245 00 - TITLE STATEMENT | |
| Title | الربيع العربي .. إلى أين ؟ : أفق جديد للتغيير الديمقراطي |
| 250 ## - EDITION STATEMENT | |
| Edition statement | (د،ط) |
| 264 31 - PRODUCTION, PUBLICATION, DISTRIBUTION, MANUFACTURE, AND COPYRIGHT NOTICE | |
| Place of production, publication, distribution, manufacture | عمان : مركز دراسات الوحدة العربية ، 2012 |
| 300 ## - PHYSICAL DESCRIPTION | |
| Extent | 368ص |
| 336 ## - CONTENT TYPE | |
| Content type term | text |
| Content type code | txt |
| Source | rdacontent |
| 337 ## - MEDIA TYPE | |
| Media type term | unmediated |
| Media type code | n |
| Source | rdamedia |
| 338 ## - CARRIER TYPE | |
| Carrier type term | volume |
| Carrier type code | nc |
| Source | rdacarrier |
| 490 0# - SERIES STATEMENT | |
| Series statement | (63) سلسلة كتب المستقبل العربي |
| 650 #4 - SUBJECT ADDED ENTRY--TOPICAL TERM | |
| Topical term or geographic name entry element | الثورات -- البلاد العربية -- تاريخ -- قرن 21 - الربيع العربي ،2010 - الديمقراطية -- البلاد العربية -- قرن 21 -- البلاد العربية -- سياسة وحكومة -- قرن 21 |
| 9 (RLIN) | 49829 |
| Withdrawn status | Lost status | Source of classification or shelving scheme | Damaged status | Not for loan | Home library | Current library | Shelving location | Date acquired | Total Checkouts | Full call number | Barcode | Date last seen | Price effective from | Koha item type |
|---|---|---|---|---|---|---|---|---|---|---|---|---|---|---|
| Library of Congress Classification | مكتبة جامعة عجلون الوطنية | مكتبة جامعة عجلون الوطنية | المجموعات العامة | 06/06/2023 | JQ1850.A91.R32.2012 | A21911 | 06/06/2023 | 06/06/2023 | Books |